00540nam a2200145Ia 4500003000900000008004100009020002600050040001600076100003000092245008400122260003200206300002000238490003300258856010300291IN-BaIIA211028s9999 xx s 000 0 eng d a9780819454447 (Print) cIIA Library aPuchkovskaya, Galyna, ed. 0aXVI International Conference on Spectroscopy of Molecules and Crystalsh[eBook] aWashington, USAbSPIEc2004 aOnline resource aProceedings of SPIE; V. 5507 uhttps://www.spiedigitallibrary.org/conference-proceedings-of-spie/5507yClick Here to Access eBook